Professional management in industrial organizations / (Record no. 17334)
[ view plain ]
| 000 -LEADER | |
|---|---|
| fixed length control field | 01301nam a22003618a 4500 |
| 001 - CONTROL NUMBER | |
| control field | 17334 |
| 003 - CONTROL NUMBER IDENTIFIER | |
| rucl marc code | BD-RjUL |
| 005 - DATE AND TIME OF LATEST TRANSACTION | |
| control field | 20211209000125.0 |
| 008 - FIXED-LENGTH DATA ELEMENTS--GENERAL INFORMATION | |
| fixed length control field | 161221s1993 vaua b 001 0 eng d |
| 020 ## - INTERNATIONAL STANDARD BOOK NUMBER | |
| International Standard Book Number | 8171005349 |
| 035 ## - SYSTEM CONTROL NUMBER | |
| System control number | MITb10922877 |
| System control number | (OCoLC)42683094 |
| -- | (BD-RjUL)17392 |
| 040 ## - CATALOGING SOURCE | |
| Original cataloging agency | DLC |
| Transcribing agency | DLC |
| Modifying agency | BD-RjUL |
| Language of cataloging | eng |
| 041 ## - LANGUAGE CODE | |
| Language code of text/sound track or separate title | eng |
| 082 00 - DEWEY DECIMAL CLASSIFICATION NUMBER | |
| Classification number | 658 |
| Author mark and year | KAP 1993 |
| 100 ## - MAIN ENTRY--PERSONAL NAME | |
| Personal name | Kaur, Kiran Preet |
| 9 (RLIN) | 53421 |
| 245 10 - TITLE STATEMENT | |
| Title | Professional management in industrial organizations / |
| Statement of responsibility, etc. | Kiran Preet Kaur |
| 260 ## - PUBLICATION, DISTRIBUTION, ETC. (IMPRINT) | |
| Place of publication, distribution, etc. | New delhi : |
| Name of publisher, distributor, etc. | Deep and Deep Publication, |
| Date of publication, distribution, etc. | c1993. |
| 300 ## - PHYSICAL DESCRIPTION | |
| Pagination | ix,149 p. : |
| Illustrations | ill. ; |
| Size | 24 cm. |
| 490 1# - SERIES STATEMENT | |
| Series statement | Jossey-Bass business & management series |
| Series statement | Jossey-Bass social and behavioral science series |
| Series statement | Society for Industrial and Organizational Psychology professional practice series |
| 504 ## - BIBLIOGRAPHY, ETC. NOTE | |
| Bibliography, etc | Includes bibliographical references and indexes. |
| 650 #0 - SUBJECT ADDED ENTRY--TOPICAL TERM | |
| Topical term or geographic name as entry element | management. |
| 9 (RLIN) | 53422 |
| Topical term or geographic name as entry element | Organizational change. |
| 9 (RLIN) | 53423 |
| 700 1# - ADDED ENTRY--PERSONAL NAME | |
| Personal name | Kehoe, Jerard F. |
| 830 #0 - SERIES ADDED ENTRY--UNIFORM TITLE | |
| Uniform title | Professional practice series. |
| Uniform title | Jossey-Bass business & management series. |
| Uniform title | Jossey-Bass social and behavioral science series. |
| 942 ## - ADDED ENTRY ELEMENTS (KOHA) | |
| Source of classification or shelving scheme | Dewey Decimal Classification |
| Koha item type | Books |
| 949 ## - LOCAL PROCESSING INFORMATION (OCLC) | |
| a | d |
| p | 39080015580639 |
| Lost status | Source of classification or shelving scheme | Damaged status | Not for loan | Collection code | Permanent Location | Current Location | Shelving location | Date acquired | Source of acquisition | Cost, normal purchase price | Total Checkouts | Full call number | Date last seen | Copy number | Koha item type |
|---|---|---|---|---|---|---|---|---|---|---|---|---|---|---|---|
| Dewey Decimal Classification | Non-fiction | Central Library, University of Rajshahi | Central Library, University of Rajshahi | 01/07/1997 | World Agencies | 181.00 | 658 KAP 1993 | 16/02/2014 | C-2 | Books | |||||
| Dewey Decimal Classification | Not For Loan | Non-fiction | Central Library, University of Rajshahi | Central Library, University of Rajshahi | Reading Room | 01/07/1997 | World Agencies | 181.00 | 658 KAP 1993 | 21/12/2016 | C-1 | Books |